Statistics for six nations emblems

Click here to take the quiz!

General Stats

  • This quiz has been taken 39 times
    (29 since last reset)
  • The average score is 3 of 6

Answer Stats

Hint Answer % Correct
FranceCock
83%
IrelandClover
71%
WalesDragon
58%
EnglandLion
46%
ScotlandThistle
42%
ItalyColuumn
4%

Score Distribution

Percentile by Number Answered

Percent of People with Each Score

Your Score History

You have not taken this quiz since the last reset